LEADER 00903nam a2200229 i 4500 001 000000143296 003 CaOOAMICUS 005 20050928000000.0 008 050928s1914 it u000 u ita u 013 $a118654 040 $aSeMil$bita 100 1 $aD'Angelo, Maria.$0(OLS)http://semarc/name/57479 245 10$aLuigi 14. e la Santa Sede :$b1689-1693 /$cdr Maria D'Angelo. 260 $aRoma :$bTipografia dell'Unione,$c1914. 300 $a65 p. ;$c25 cm. 500 $aContiene : Appendice. 650 4$aChiesa - Francia - Sec. 17.$0(OLS)http://semarc/subject/1729 850 $aSeMil 852 $aSeMil$W1$xVenegono$y1$m1204 1 *$j96410$B96410$CSeMilBibl$Z2$F103602 $81 961 $aRecupero: Biblioteca Seminario Saronno 996 $6245$aLuigi 14. e la Santa Sede :$b1689-1693$9(OLS)http://semarc/title/209729 996 $6260$aRoma :$bTipografia dell'Unione$9(OLS)http://semarc/publisher/40560 LEADER 01029nam a2200265 i 4500 001 000000119705 003 CaOOAMICUS 005 20180208000000.0 008 180208s2003 it u000 u ita u 013 $a92399 020 $a88-211-8686-5 040 $aSeMil$bita 100 1 $aJankélévitch, Vladimir,$d<1903-1985>.$0(OLS)http://semarc/name/19609 245 13$aIl male /$cVladimir Jankélévitch. 260 $aGenova :$bMarietti 1820,$c2003. 300 $aXV, 95 p. ;$c21 cm. 490 0 $aCollana di filosofia [Marietti]v79 650 4$aMale - Filosofia.$0(OLS)http://semarc/subject/5386 830 0$aCollana di filosofia ;$v79.$0(OLS)http://semarc/title/419438 850 $aSeMil 852 $aSeMil$W1$xVenegono$y1$m2P VI 517$j74912$B74912$CSeMilBibl$Z2$F77095 $81 961 $aRecupero: Seminario di Seveso 996 $6020$a88-211-8686-5$9(OLS)http://semarc/number/104674 996 $6245$aIl male$9(OLS)http://semarc/title/175994 996 $6260$aGenova :$bMarietti 1820$9(OLS)http://semarc/publisher/32400